Normal view MARC view
  • Gelʹfand, I. M.

Entry Personal Name

Number of records used in: 2

001 - CONTROL NUMBER

  • control field: 152191

003 - CONTROL NUMBER IDENTIFIER

  • control field: TR-AnTOB

005 - DATE AND TIME OF LATEST TRANSACTION

  • control field: 20260130144340.0

008 - FIXED-LENGTH DATA ELEMENTS

  • fixed length control field: 800718n| azannaabn |a aaa

010 ## - LIBRARY OF CONGRESS CONTROL NUMBER

  • LC control number: n 50028279

035 ## - SYSTEM CONTROL NUMBER

  • System control number: (OCoLC)oca00063656

040 ## - CATALOGING SOURCE

  • Original cataloging agency: DLC
  • Language of cataloging: eng
  • Description conventions: rda
  • Transcribing agency: DLC
  • Modifying agency: DLC
  • Modifying agency: MX-SlUA
  • Modifying agency: OCoLC
  • Modifying agency: PU
  • Modifying agency: TR-AnTOB

046 ## - SPECIAL CODED DATES

  • Birth date: 1913-08-20
  • Death date: 2009-10-05
  • Source of date scheme: edtf

100 1# - HEADING--PERSONAL NAME

  • Personal name: Gelʹfand, I. M.
  • Fuller form of name: (Izrailʹ Moiseevich)

374 ## - OCCUPATION

  • Occupation: Mathematicians
  • Source of term: lcsh

377 ## - ASSOCIATED LANGUAGE

  • Language code: rus

400 1# - SEE FROM TRACING--PERSONAL NAME

  • Control subfield: nna
  • Personal name: Gelʹfand, Izrailʹ Moiseevich

400 1# - SEE FROM TRACING--PERSONAL NAME

  • Personal name: Gelfand, Israil Moiseevich

400 1# - SEE FROM TRACING--PERSONAL NAME

  • Personal name: Гельфанд, Израиль Моисеевич

400 1# - SEE FROM TRACING--PERSONAL NAME

  • Personal name: Гельфанд, И. М.
  • Fuller form of name: (Израиль Моисеевич)

400 1# - SEE FROM TRACING--PERSONAL NAME

  • Personal name: Gelfand, Israel Moiseevich

400 1# - SEE FROM TRACING--PERSONAL NAME

  • Personal name: Gelfand, I.
  • Fuller form of name: (Izrailʹ)

400 1# - SEE FROM TRACING--PERSONAL NAME

  • Personal name: Gelfand, Israel M.

670 ## - SOURCE DATA FOUND

  • Source citation: His Lekt︠s︡ii po lineĭnoĭ algebre, 1951.

670 ## - SOURCE DATA FOUND

  • Source citation: His Collected papers, 1987- :
  • Information found: CIP t.p. (Izrail M. Gelfand) CIP data sheet (b. 08-20-1913)

670 ## - SOURCE DATA FOUND

  • Source citation: Functional analysis on the eve ... birthday of I.M. Gelfand, c1995:
  • Information found: CIP p. 1 (Israil Moiseevich Gelfand)

670 ## - SOURCE DATA FOUND

  • Source citation: Russian Wikipedia WWW site, Oct. 6, 2009
  • Information found: (Израиль Моисеевич Гельфанд = Izrailʹ Moiseevich Gelʹfand; b. Sept. 2, 1913, Okny, Tiraspolʹskiĭ uezd, Khersonskai︠a︡ gubernii︠a︡; d. Oct. 5, 2009, Highland Park, N.J.; one of the greatest mathematicians of the 20th century; biologist, teacher, and organizer of mathematics education; in U.S. after 1989)

670 ## - SOURCE DATA FOUND

  • Source citation: New York times WWW site, Oct. 8, 2009
  • Information found: (in obituary published Oct. 7: Israel M. Gelfand; b. Israel Moiseevich Gelfand, near Odessa; d. Monday [Oct. 5, 2009], New Brunswick, N.J., aged 96; one of the giants of 20th-century mathematics, whose work cleared paths for other thinkers in fields as diverse as physics and medical imaging)

670 ## - SOURCE DATA FOUND

  • Source citation: El método de coordenadas, 1973:
  • Information found: title page (I. Gelfand)

670 ## - SOURCE DATA FOUND

  • Source citation: Geometry, 2020:
  • Information found: title page (Israel M. Gelfand)

688 ## - APPLICATION HISTORY NOTE

  • Institution to which field applies: TR-AnTOB
  • Application history note: GU 30.01.2026
Devinim Yazılım Eğitim Danışmanlık tarafından Koha'nın orjinal sürümü uyarlanarak geliştirilip kurulmuştur.